[Event "Eje Cafetero Region U12"]
[Site "Eje Cafetero"]
[Date "2009.03.23"]
[Round "7.15"]
[White "Londono, Lina"]
[Black "Benitez, Diana"]
[Result "1-0"]
[WhiteElo "1400"]
[BlackElo "1400"]
[PlyCount "27"]
[EventDate "2009.03.23"]
[EventType "swiss"]
[EventRounds "7"]
[EventCountry "COL"]
[SourceTitle "EXT 2024"]
[Source "ChessBase"]
[SourceDate "2023.10.10"]
[SourceVersion "1"]
[SourceVersionDate "2023.10.10"]
[SourceQuality "1"]

1. e4 e5 2. Nf3 Nf6 3. Nc3 Bb4 4. a3 Ba5 5. Nxe5 Qe7 6. Nc4 Bxc3 7. bxc3 Qxe4+ 8. Ne3 d6 9. Bd3 Qe7 10. Qf3 Nd5 11. 0-0 h6 12. h3 Be6 13. Re1 Nc6 14. Nxd5 1-0